期刊信息 |
| 索取号 |
X7/ZSHZY
|
| 题名 |
再生资源与循环经济
|
| 作者 |
《再生资源与循环经济》编辑部
|
| 分册号 |
|
| 分册名 |
|
| 出版地 |
天津
|
| 出版者 |
天津再生资源杂志社
|
| 标准刊号 |
1674-0912
|
| 出版频率 |
月刊
|
| 中图法分类 |
X7
|
| 主题词 |
废物; 废物处理; 废物综合利用
|
| 电子资源 | |
| |
|
| 000 | 00793nam0 2200253 450 | |
| 001 | 1033916969 | |
| 005 | 20100715093011.68 | |
| 011 | @a1674-0912@dCNY10.00(2009) | |
| 091 | @aCN12-1397/X | |
| 092 | @aCN@b6-120@cM5600 | |
| 100 | @a20100715d km y0chiy0120 ea | |
| 101 | 0 | @achi |
| 102 | @aCN@b120000 | |
| 200 | 1 | @a再生资源与循环经济@AZai Sheng Zi Yuan Yu Xun Huan Jing Ji@f《再生资源与循环经济》编辑部@F《Zai Sheng Zi Yuan Yu Xun Huan Jing Ji》Bian Ji Bu |
| 210 | @a天津@c天津再生资源杂志社 | |
| 300 | @a2008年创刊 | |
| 326 | @a月刊 | |
| 606 | 0 | @a废物 |
| 606 | 0 | @a废物处理 |
| 606 | 0 | @a废物综合利用 |
| 690 | @aX7@v4 | |
| 711 | 02 | @a《再生资源与循环经济》编辑部@A《Zai Sheng Zi Yuan Yu Xun Huan Jing Ji》Bian Ji Bu |
| 801 | 0 | @aCN@bNISOFT@c20100715 |
| 905 | @a10447@dX7@eZSHZY | |
| 再生资源与循环经济/《再生资源与循环经济》编辑部.-天津:天津再生资源杂志社 |
| 2008年创刊 |
| ISSN 1674-0912:CNY10.00(2009) |
| ● |
| 相关链接: |
|
|
|
|